| 000 | 00656nam a2200229 i 4500 | ||
|---|---|---|---|
| 001 | bg | ||
| 100 | 1 | _aAPPLETON, E. | |
| 245 | 0 |
_aIndustrial robot applications / _cE. Appleton, D.J. Williams. |
|
| 260 |
_aNew York : _bHalsted Press : _bOpen University Press, _c1987. |
||
| 490 | 1 | _aOpen University Press Robotics Series | |
| 650 | 9 | _aAutomatyka | |
| 650 | 9 |
_aTechnologia _xautomatyzacja |
|
| 700 | 1 | _aWILLIAMS, D. J. | |
| 830 | _aOpen University Press Robotics Series | ||
| 020 | _a0335154069 | ||
| 040 | _cBPK | ||
| 041 | _apol | ||
| 080 | _a681.5:621 | ||
| 920 | _a0-335-15406-9 | ||
| 942 | _cKS | ||
| 008 | s pl f |000 0 pol | ||
| 999 |
_c29743 _d29743 |
||
| 856 |
_uhttp://koha.tu.koszalin.pl/cgi-bin/koha/opac-detail.pl?biblionumber=29743 _yKatalog online BPK |
||